EPIC: The Musical - Lyrics Sort #31 - Not Sorry For Loving You - Statistics

General Stats
  • This quiz has been taken 89 times
  • The average score is 34 of 53
Answer Stats
Hint Answer % Correct
Line 1 Someone arrived today
100%
Line 2 They said they're taking you away
100%
Line 3 That you're not mine to save
97%
Line 6 You're unlike anyone I have ever known
94%
Line 7 Cause you're all I've ever known
92%
Line 4 And soon I won't get to see your face
89%
Line 5 So I came by to say
89%
Line 9 Or if I came on too strong [1]
83%
Line 12 And if you hate me [1]
81%
Line 11 For that, I'll say I was wrong [1]
81%
Line 8 And if I pushed you
78%
Line 10 Or if I ambushed you [1]
75%
Line 15 (I'm not sorry for loving you) [1]
69%
Line 14 But I'm not sorry for loving you [1]
67%
Line 18 (Calypso)
64%
Line 19 Let me speak
64%
Line 24 So when you washed ashore
64%
Line 13 Then I am sorry my love's too much for you
64%
Line 31 And if you hate me [2]
61%
Line 44 (But not in the way that you want me to)
61%
Line 46 (Hate that I fell in love with you)
61%
Line 23 I had no friends but the sky and sun
61%
Line 42 (I love you)
61%
Line 20 I spent my whole life here
61%
Line 25 I thought for sure that you were my dream come true
61%
Line 26 I thought I knew
61%
Line 28 Or if I came on too strong [2]
61%
Line 27 So if I pushed you
61%
Line 32 Then I am sorry my love's too much for you (ooh)
61%
Line 21 Was cast away when I was young
61%
Line 43 You do?
61%
Line 22 Alone for a hundred years
58%
Line 33 But I'm not sorry for loving you [2]
58%
Line 41 For once, I wish you would lie and say
58%
Line 30 For that. I'll say I was wrong [2]
58%
Line 38 I'm angry and restless and tired and sad
58%
Line 16 I'm not sorry for loving you [2]
58%
Line 17 (I'm not sorry for loving you) [3]
58%
Line 40 I wish you would chase me, or try to embrace me
58%
Line 29 Or if I ambushed you [2]
58%
Line 45 I hate that I fell in love with you
56%
Line 37 I'm not sorry
56%
Line 34 (I'm not sorry for loving you) [4]
56%
Line 39 I'm stuck in the moments I swore that we had
56%
Line 53 Why in the world won't you love me too?
56%
Line 35 I'm not sorry for loving you [5]
53%
Line 51 How am I supposed to get over you? [1]
50%
Line 52 (How am I supposed to get over you?) [2]
50%
Line 36 (I'm not sorry for loving you) [6]
50%
Line 50 (What do I do with this love for you?) [2]
50%
Line 49 What do I do with this love for you? [1]
44%
Line 48 (Why did I fall in love with you?) [2]
44%
Line 47 Why did I fall in love with you? [1]
42%
No matching quizzes found
Score Distribution
Percent of People with Each Score
Percentile by Number Answered
Your Score History
You have not taken this quiz